| 000 | 03668nam a2200325 i 4500 | ||
|---|---|---|---|
| 001 | 000026937 | ||
| 003 | OSt | ||
| 005 | 20240930095120.0 | ||
| 007 | ta | ||
| 008 | 110328t1948 dr abc r 001 0 spa d | ||
| 040 |
_aDO-SdBNP _bspa _cDO-SdBNP _erda |
||
| 082 | 4 |
_a796.522 _bA457r _222 |
|
| 245 | 0 | 3 |
_aEl alpinismo en la República Dominicana / _cpublicado por ML de Js Tavares, Sucs. ; proemio Dr. Federico L. Lithgow. |
| 246 | 1 | 4 |
_aAlpinismo dominicano : _belevación máxima de las antillas / |
| 264 |
_aSantiago de los Caballeros, República Dominicana : _bEl Diario, _c1948. |
||
| 300 |
_a349 páginas : _bilustraciones, mapa, retratos. ; _c24 cm. |
||
| 336 |
_ardacontent _btexto _2txt |
||
| 337 |
_ardamedia _bsin mediación _2n |
||
| 338 |
_brdacarrier _0volumen _2nc |
||
| 504 | _aIncluye referencias bibliográficas y notas al pie de páginas. | ||
| 505 | 0 |
_gConcurso de Alpinismo : _tPromesa complida -- _tProemio -- _tCarta de Constancio Bernaldo de Quirós -- _tCartas de Ml. A. Tavares Julia -- _gPrimer anuncio del concurso -- _gEditorial de la Información -- _tSuelto informativo de La Nación -- _tEditorial de La Nación -- _tConcurso de subida al Pico Trujillo -- _tRasgos de alpinistas y alpinismo -- _tLas ciguapas -- _tAlpinistas en La Pelona -- _tInstrucciones suministradas -- _tPartes telegráficos -- _tActas de fundación del Club de Alpinismo Dominicano -- _tRelación (Ing. Luperón Flores, Dr. Alberto García Godoy y Dr. Federico W. Lithgow) -- _tRelación (grupo dirigido por Sebastián Alfonso Mera) -- _tRelación (Ulises Franco Fondeur y Guillermo Dalmau Febles) -- _tRelación (grupo dirigido por el Br. Luis Emilio Tavares Santalises) -- _tRelación (grupo dirigido por José Herrera) -- _tRelación (Rafael Marcelino, Martín Ortiz, Julio Espino y Pomponio Echavarría) -- _tMensajes telegráficos -- _tReparto del Premio (carta de Ml. de Js. Tavares Sucs.) -- _gDeporte y ciencia geográfica : _tEl culto de las montañas / _rC. Bernaldo de Quirós -- _tEl alpinismo / _rC. Bernaldo de Quirós -- _tExcursionismo dominicano / _rC. Bernaldo de Quirós -- _tUna vista al Valle de Constanza / _rR. H. Schomburgk -- _tVisit to the Valley of Constanza / _rR. H. Schomburgk -- _tEl Barón de Eggers y la exploración botánica de Constanza y Valle Nuevo / _rCarlos E. Chardón -- _tUna excursión a la Cordillera Central en la línea noroeste / _rCarlos González N. -- _tUna noche en Rancho Ramón / _rFederico W. Lithgow -- _tUna excursión al Pico de la Sabana Alta / _rFederico W. Lithgow -- _tUna excursión al Monte Tina / _rFederico W. Lithgow -- _tExcursión al Valle del Bao / _rAlberto Lugo. |
|
| 505 | 0 |
_gExploraciones y misterio : _tLa verdad del misterioso Valle Encantado / _rAníbal Basilis -- _tPico Trujillo, La Pelona y La Rusilla / _rJuan B. Pérez, Miguel Canela Lázaro -- _tUna excursión al Maciso del Yaque / _rJuan B. Pérez, Miguel Canela Lázaro -- _tEn busca del Monte Tina / _rE. L. Eckman -- _tAlgo más sobre el Monte Tina y el Valle Encantado / _rJuan B. Pérez -- _tUna excursión a La Pelada / _rJuan Ulises García Bonelly -- _tLa verdad sobre La Loma Tina / _rCasimiro Gómez -- _tUna excursión al Monte Tina (Editorial de La Opinión) -- _tExcursión a La Rusilla / _rFederic Schad -- _tRío dominicano desconocido y Salto de agua ignorado (Editorial La Nación) -- _tPico Trujillo, la montaña más alta de Las Antillas / _rIng. Juan Ulises García Bonnelly. |
|
| 590 | _aInventariado, 2019/BT | ||
| 650 | 7 |
_aAlpinismo _zRepública Dominicana _944215 _2Lemb |
|
| 650 | 7 |
_aMontañismo _zRepública Dominicana _944216 |
|
| 700 | 1 |
_aLithgow, Federico L., _epról. _944217 |
|
| 910 | _aValidado. Control de calidad. EMS | ||
| 942 |
_2ddc _cLBS1 |
||
| 956 | _aVMateo | ||
| 999 |
_c26429 _d26429 |
||